| 000 | 00610nam a2200205Ia 4500 | ||
|---|---|---|---|
| 005 | 20250508160557.0 | ||
| 008 | 008 250505s9999 xx 000 0 eng d | ||
| 037 | _aTextual | ||
| 040 |
_aFEDL _beng _cFEDL |
||
| 041 |
_aeng _2eng |
||
| 084 |
_a371.42, KEL _qFEDL |
||
| 100 | _aKell Bill L. | ||
| 245 | 0 | _aImpact and change: A study of counseling relationships | |
| 260 |
_aNew York, USA _bAppleton-Century-Crofts _c1966 |
||
| 300 | _aviii,148p. | ||
| 490 | _aThe century psychology | ||
| 700 |
_a Mueller William J. _9768833 |
||
| 942 |
_cTEXL _h371.42, KEL |
||
| 999 |
_c1365418 _d1365418 |
||